000 00665nam a2200217Ia 4500
005 20250508165836.0
008 008 250505s9999 xx 000 0 eng d
020 _a978-160566932-8
037 _aTextBook
040 _aFEDL
_beng
_cFEDL
041 _aeng
_2eng
084 _a507, DHA/R
_qFEDL
100 _aDhar Anup Ed.
_9782153
245 0 _aBreaking the silo: Integrated science education in India
260 _aHyderabad, India
_bOrient Blackswan Private Limited
_c2017
300 _axli, 282p.
365 _aINR
_b1050
700 _a Niranjana Tejaswini Ed. Sridhar K Ed.
_9782154
942 _cTB
_h507, DHA/R
999 _c1397762
_d1397762